| 000 | 00469nam a2200133Ia 4500 | ||
|---|---|---|---|
| 008 | 200302s9999 xx 000 0 und d | ||
| 020 | _a9780128030776 | ||
| 245 |
_cEdited by Morteza Jalali, Francesca Y. L. Saldanha, Mehdi Jalali.-- _aBasic science methods for clinical researchers / |
||
| 260 |
_aUnited Kingdom _bAcademic Press _c2017 |
||
| 300 |
_axxv, 355 pages: _c23 cm. |
||
| 500 | _aincludes index | ||
| 650 | _aMedical research personnel. | ||
| 650 | _aResearch. | ||
| 999 |
_c363066 _d363066 |
||